[Event "HokkaidoCh2019"]
[Site "?"]
[Date "2019.03.23"]
[Round "1.1"]
[White "Hakamada, Eiji"]
[Black "Sugimoto, Koichi"]
[Result "0-1"]
[WhiteElo "1531"]
[BlackElo "2013"]
[Annotator "Fritz 15 (30s)"]
[PlyCount "52"]
[SourceVersionDate "2019.03.23"]

{[%mdl 8192] A29: English Opening: Four Knights Variation with 4 g3} 1. c4 e5
2. Nc3 Nf6 3. Nf3 Nc6 4. g3 Bb4 5. Bg2 O-O 6. O-O e4 7. Ng5 Bxc3 8. dxc3 Re8 9.
Qc2 Qe7 10. Bf4 $146 {White threatens to win material: Bf4xc7} (10. Nh3 Ne5 (
10... h6 11. Nf4 Qe5 12. Be3 g5 13. Bd4 Nxd4 14. cxd4 Qf5 15. Nd5 Nxd5 16. cxd5
Qxd5 17. Qxc7 {1/2-1/2 (17) Adorjan,A (2580)-Garcia Martinez,S (2500) Reggio
Emilia 1984}) 11. b3 Ng6 12. Nf4 Nxf4 13. Bxf4 d6 14. h3 Bf5 15. Qd2 Bd7 16.
Rad1 Bc6 17. Qd4 h6 18. Kh2 a5 19. a3 b6 20. g4 Nd7 21. Qd2 Nc5 22. Qc2 Qe6 23.
Bg3 a4 24. b4 Nb3 {Sorokin,V (2327)-Kapengut,A (2430) Bad Zwischenahn 2008 1/
2-1/2 (36)}) (10. b3 d6 11. Nh3 Qe5 (11... Bf5 12. Nf4 Qe5 13. Be3 Ng4 14. Qd2
Nxe3 15. Qxe3 Ne7 {1/2-1/2 (15) Dumpor,A (2362)-Bosiocic,M (2384) Split 2006})
12. Rd1 Bf5 13. Be3 Bxh3 14. Bxh3 Qh5 15. Bg2 Ng4 16. h3 Nxe3 17. fxe3 Qg5 18.
Kf2 Re6 19. Bxe4 Rae8 20. Bf3 Rg6 21. g4 Qxe3+ 22. Kg2 h5 23. Qd2 hxg4 24. hxg4
Qxd2 {Taimanov,M (2386)-Vasiukov,E (2455) Suzdal 2011 0-1 (38)}) (10. Rd1 d6
11. b3 Bf5 12. Nh3 Qd7 13. Nf4 e3 14. Qb2 exf2+ 15. Kxf2 Ne5 16. c5 Be4 17.
cxd6 Qc6 18. Kg1 Bxg2 19. Nxg2 cxd6 20. c4 Ng6 21. Be3 Re6 22. Rd2 Rae8 23. Bd4
Ne4 24. Rc2 Ng5 {Plantet,S (2304)-Maze,S (2412) Aix les Bains 2003 0-1 (31)}) (
10. Nh3 h6 $11) 10... h6 $15 {Black threatens to win material: h6xg5} 11. Nh3
d6 {Prevents intrusion on e5} 12. Kh1 Bf5 13. Qa4 Qe6 14. Ng1 Nd7 15. Be3 (15.
b3 $5 $17) 15... Nb6 16. Bxb6 axb6 17. Qb3 Na5 18. Qb4 Nxc4 19. Rfd1 Ne5 (19...
Ra5 20. a4 $19) 20. f3 (20. Bxe4 $142 Ng4 21. Bxf5 Qxf5 22. Rf1 $19) 20... exf3
21. Nxf3 Ng4 22. Rd2 (22. Rf1 Be4 23. Bh3 $19) 22... Rxa2 23. Rc1 (23. Rxa2 {
doesn't change anything anymore} Qxa2 24. h3 Qa1+ 25. Ng1 Ne3 $19) 23... Rea8
24. Qd4 (24. e4 Ra1 25. Rxa1 Rxa1+ 26. Ng1 $19) 24... Ra1 25. Rf1 (25. Rcd1 {
does not win a prize} Ne3 26. Rg1 c5 27. Qxd6 Bh3 28. Qd8+ Rxd8 29. Rxd8+ Kh7
30. Rxa1 Bxg2+ 31. Kg1 Ng4 $19) 25... Ne3 (25... Rxf1+ $142 {and Black wins}
26. Bxf1 Ra1 $19) 26. Rg1 Rxg1+ (26... Rxg1+ 27. Nxg1 Ra1 $19) 0-1

[Event "HokkaidoCh2019"]
[Site "?"]
[Date "2019.03.23"]
[Round "1.2"]
[White "Drakakis, Athanasios"]
[Black "Sato, Yasuji"]
[Result "1-0"]
[WhiteElo "1836"]
[BlackElo "1478"]
[Annotator "Fritz 15 (30s)"]
[PlyCount "133"]
[SourceVersionDate "2019.03.23"]

{[%mdl 8256] D02: 1 d4 d5 2 Nf3 sidelines, including 2...Nf6 3 g3 and 2...Nf6
3 Bf4} 1. d4 d5 2. Nf3 Nc6 3. Bf4 h6 $146 {Secures g5} (3... e6 4. e3 Bd6 (4...
a6 5. c4 dxc4 6. Bxc4 Bd6 7. Bg3 Nf6 8. Nc3 O-O 9. a3 Qe7 10. Bh4 Qe8 11. e4 e5
12. d5 Ne7 13. Bxf6 gxf6 14. Nh4 f5 15. Qh5 f6 16. Qh6 Qf7 17. g3 Kh8 18. Rd1
fxe4 19. Nxe4 {Andersen,L (2220)-Kristovic,M (2320) Pula 2009 1-0 (58)}) 5. c3
(5. Bg3 Nf6 (5... Nge7 6. c4 O-O 7. Nc3 Ng6 8. Rc1 a6 9. cxd5 exd5 10. Bxd6
Qxd6 11. g3 Nce7 12. Bg2 Rd8 13. O-O Nf8 14. Ne1 Bf5 15. Nd3 Ne6 16. a3 a5 17.
Na4 b6 18. Nc3 Rac8 19. Ne5 c5 20. Nb5 {Dienavorian Lacherian,M (2310)-Van
Riemsdijk,H (2390) San Pedro de Jujuy 1981 1/2-1/2}) 6. c4 Ne4 7. Nc3 O-O 8.
cxd5 exd5 9. Bd3 Re8 10. Bh4 Be7 11. Bxe7 Rxe7 12. Qb3 Nf6 13. O-O Bg4 14. Qxb7
Re6 15. Ng5 Rd6 16. Nb5 Rb8 17. Nxd6 Rxb7 18. Nxb7 Qc8 19. Nc5 Nb4 {Oms
Pallisse,J (2450)-Gonzalez Velez,F (2400) Spain 1997 1/2-1/2 (34)}) 5... Nge7
6. Bb5 O-O 7. Nbd2 Ng6 8. Bg3 Bd7 9. O-O Qe8 10. Bxc6 Bxc6 11. c4 Bxg3 12. hxg3
dxc4 13. Nxc4 Bd5 14. Rc1 Rc8 15. b3 Qc6 16. Qe2 Qa6 17. e4 Bc6 18. Rfe1 {
Doda,Z (2405)-Pinkas,K (2360) Krakow 1978 1-0 (52)}) (3... g6 4. e3 Bg7 5. c4
e6 6. Nc3 a6 7. Be2 Nge7 8. Rc1 O-O 9. O-O h6 10. h3 g5 11. Bh2 Nf5 12. cxd5
exd5 13. Ne1 Nce7 14. b4 c6 15. a4 b5 16. Ra1 Be6 17. Nd3 Ng6 18. axb5 {
Gross,S (2350)-Kogan,A (2495) Pardubice 1995 1-0 (42)}) 4. Nbd2 g5 {Black
threatens to win material: g5xf4} 5. Bg3 Bg7 6. e3 Bg4 (6... g4 7. Ne5 $11) 7.
h3 {White threatens to win material: h3xg4} Bf5 8. c3 {Covers b4} e6 9. Qa4 a6
{Consolidates b5} 10. Be2 Nge7 11. a3 Bg6 12. Rc1 Nf5 13. Bh2 Nd6 14. b4 b5 {
Black threatens to win material: b5xa4} 15. Qb3 Nc4 16. Nxc4 dxc4 17. Qd1 Qd5 (
17... a5 18. O-O axb4 19. a4 bxa4 20. cxb4 Nxb4 21. Rxc4 $14) 18. Bxc7 $14 O-O
19. Bg3 f5 20. Nd2 e5 21. dxe5 (21. Bh2 f4 22. O-O fxe3 23. fxe3 exd4 24. exd4
Nxd4 25. Rxf8+ Rxf8 26. cxd4 Qxd4+ 27. Kh1 Qb2 28. Bxc4+ bxc4 29. Nxc4 Qf2 $14)
21... Nxe5 (21... f4 22. exf4 gxf4 23. Bh4 $11) 22. Bxe5 $11 Qxe5 {Black has
the pair of bishops} 23. Nf3 {White threatens to win material: Nf3xe5} Qe4 (
23... Qf6 24. Qd5+ Kh7 25. O-O $11) 24. O-O {White castles and improves king
safety} (24. Nd4 Rae8 25. Bf3 Qe5 $14) 24... Rac8 (24... f4 $5 {should be
examined more closely} 25. Nd4 fxe3 $11) 25. Nd4 $16 Bxd4 (25... f4 26. Bf3 Qd3
27. Ne6 $16) 26. cxd4 {White has a new protected passed pawn: d4. Black has a
new protected passed pawn: c4} (26. Qxd4 $5 f4 27. Bf3 Qxd4 28. exd4 $16) 26...
f4 $14 {Black threatens to win material: f4xe3} 27. Bf3 Qd3 28. Qxd3 Bxd3 {
Black can be proud of that piece} 29. Rfe1 fxe3 30. fxe3 {White has a new
passed pawn: e3.} Kg7 (30... Rcd8 31. d5 $14) 31. Rc3 (31. e4 Rf4 $16) 31...
Kf6 (31... Rce8 32. e4 Rf4 33. Kh2 $11) 32. Bd1 (32. e4 $5 $16) 32... Kg6 33.
Bc2 Bxc2 34. Rxc2 {A double rook endgame occured} Rfe8 35. Ree2 (35. e4 Re7 $14
) 35... Re4 (35... Kf5 36. Rc3 $11) 36. Kf2 Rf8+ (36... g4 37. a4 $11) 37. Ke1
$14 Kf6 (37... g4 $142 $5 $14 {is an interesting idea}) 38. Rf2+ $16 Ke7 39.
Rxf8 Kxf8 40. Ke2 Ke7 41. a4 $1 {Deflection: c4} Kd6 $2 (41... bxa4 42. Rxc4 {
Deflection}) 42. axb5 $18 axb5 43. Ra2 Kd5 (43... Kc7 44. Ra6 h5 45. Rg6 $18)
44. Ra6 (44. Ra5 {makes it even easier for White} Kc6 45. Ra6+ Kd5 $18) 44...
c3 (44... Rh4 45. Rb6 $18) 45. Kd3 c2 46. Ra1 Re6 (46... g4 {is no salvation}
47. Rc1 gxh3 48. gxh3 $18) 47. Rc1 Ra6 (47... Rf6 {cannot change destiny} 48.
Rxc2 Rf1 49. Rc5+ Ke6 50. Rxb5 Rd1+ 51. Ke4 $18) 48. e4+ Ke6 (48... Kd6 {
is not much help} 49. e5+ Kd7 50. Rxc2 $18) 49. Rxc2 Ra3+ 50. Rc3 Ra4 (50...
Ra6 {doesn't do any good} 51. e5 $18) 51. Rb3 (51. Rc6+ $142 {secures victory}
Kf7 52. d5 Rxb4 53. Rxh6 Rb1 $18) 51... Ra2 52. Rc3 Rxg2 $4 {Black has let it
slip away} (52... Ra4 53. Rc6+ Kf7 54. Rxh6 Ra3+ 55. Ke2 Ra2+ 56. Kf3 Rb2 $18)
53. Rc6+ $18 Kd7 (53... Kf7 {does not solve anything} 54. Rxh6 Rg3+ 55. Ke2 $18
) 54. Rxh6 Rg3+ 55. Ke2 Rb3 56. e5 Rxb4 57. Kd3 Rb3+ (57... Rc4 58. d5 Rc5 59.
Rh7+ Kc8 60. Ke4 $18) 58. Ke4 Rg3 (58... Rb2 {a fruitless try to alter the
course of the game} 59. Kd5 $18) 59. Kd5 {[%cal Ye5e6] White prepares e6} b4 (
59... Ke7 {cannot undo what has already been done} 60. Rh7+ Kf8 61. e6 $18) 60.
e6+ Ke7 61. Rh7+ Kf6 62. Kd6 b3 (62... Ra3 63. Rf7+ Kg6 $18) 63. Rf7+ Kg6 64.
Rb7 Rxh3 (64... Kf6 65. d5 Rd3 66. e7 $18) 65. e7 Kf7 (65... Re3 66. Rxb3 $3 {
Mate threat} Rxb3 67. e8=Q+ Kg7 68. Qe5+ Kh7 69. Qe7+ Kg6 70. Qe6+ Kh5 71. Qxb3
g4 72. Ke6 Kg6 73. Qg3 Kg7 74. Qxg4+ Kh7 75. Kf6 Kh6 76. Qh3#) 66. Rb8 Rh6+ 67.
Kd7 (67. Kd7 Kg7 68. e8=Q Rf6 69. Qe5 Kg6 70. Rg8+ Kh7 71. Qe8 b2 72. Rh8+ Kg7
73. Qg8#) 1-0

[Event "HokkaidoCh2019"]
[Site "?"]
[Date "2019.03.23"]
[Round "1.3"]
[White "Koyahata, Taku"]
[Black "Watanabe, Katsumi"]
[Result "0-1"]
[WhiteElo "1401"]
[BlackElo "1741"]
[Annotator "Fritz 15 (30s)"]
[PlyCount "60"]
[SourceVersionDate "2019.03.23"]

{[%mdl 8192] D38: Queen's Gambit Declined: Ragozin Defence (4 Nf3 Bb4)} 1. d4
d5 2. c4 e6 3. Nc3 Nf6 4. Nf3 Bb4 5. Bd2 $146 (5. cxd5 Nxd5 (5... Bxc3+ 6. bxc3
Nxd5 7. e4 Ne7 8. Bd3 O-O 9. e5 f5 10. exf6 Rxf6 11. Qe2 h6 12. Ba3 Nd5 13. Qe4
g6 14. Ne5 Nf4 15. Bc2 Qd5 16. g3 Nh3 17. Ng4 Rf5 18. Nxh6+ Kg7 19. Nxf5+ gxf5
20. Qxd5 {Friedman,A (2295)-Song,P (2175) Philadelphia 1995 1-0}) 6. Bd2 O-O 7.
e4 Nxc3 8. bxc3 Be7 9. Bc4 b6 10. Qe2 Nc6 11. O-O Na5 12. Bd3 c5 13. Rad1 Bb7
14. Bf4 cxd4 15. cxd4 Bf6 16. d5 exd5 17. exd5 g6 18. Ba6 Re8 19. Qd3 Bxa6 {
Tatai,S (2460)-Kaldor,A (2200) Netanya 1973 0-1 (40)}) (5. Bf4 c5 (5... O-O 6.
e3 c5 7. dxc5 Nc6 8. Be2 Re8 9. O-O Bxc5 10. cxd5 exd5 11. Rc1 Be6 12. Qa4 Qb6
13. Nb5 Rac8 14. Bc7 Qa6 15. Qxa6 bxa6 16. Rxc5 axb5 17. Rxc6 {1-0 (17) Witke,
T (2200)-Jovic,L (2345) Boeblingen 1985}) 6. e3 Nc6 7. Bd3 dxc4 8. Bxc4 Nd5 9.
Bxd5 Qxd5 10. O-O Bxc3 11. bxc3 O-O 12. Qe2 b6 13. c4 Qf5 14. Bg3 Qh5 15. Rfd1
Ba6 16. Rac1 Rfd8 17. h3 Rac8 18. Qc2 Na5 19. d5 exd5 {Milov,V (2676)-Landa,K 
(2678) Ajaccio 2007 0-1 (45)}) (5. Ne5 O-O 6. Bg5 c5 7. Rc1 Nc6 8. e3 cxd4 9.
exd4 Be7 10. Be2 Bd7 11. Nxc6 Bxc6 12. c5 b6 13. b4 bxc5 14. bxc5 Ne4 {1/2-1/2
(14) Eltigani,O (2310)-Tatar Kis,S (2367) Hungary 2012}) 5... O-O 6. a3 {
White threatens to win material: a3xb4} Be7 7. e3 b6 8. Be2 Bb7 9. Rb1 c5 10.
b4 (10. O-O $5 $11 {is interesting}) 10... cxd4 $17 11. Nxd4 Qd7 (11... dxc4
12. O-O $17) 12. O-O (12. cxd5 Nxd5 13. O-O Rd8 $11) 12... dxc4 $15 13. Bxc4
Nc6 14. Nf3 Rfd8 15. Qe2 (15. Qb3 a6 $11) 15... Rac8 (15... Nxb4 16. axb4 Bxf3
17. Qxf3 Qxd2 18. Nb5 $15) 16. Rfd1 $11 Qc7 17. Ba6 e5 (17... Bxa6 18. Qxa6 Ne5
19. Nxe5 Qxe5 20. h3 $11) 18. Bxb7 $11 Qxb7 19. e4 (19. b5 $5 Na5 20. Nxe5 Bxa3
21. Be1 $11) 19... Nd4 $15 {Black threatens to win material: Nd4xe2} 20. Qd3
Qb8 (20... a6 21. Nxe5 Nb5 22. Nd5 Nxd5 23. exd5 Qxd5 24. Qe3 $17) 21. Nd5 (21.
Nxd4 $142 $5 {must be considered} Rxd4 22. Qe2 $11) 21... Nxd5 $17 22. exd5
Rxd5 23. Nxd4 Rxd4 24. Qg3 $4 {the position is going down the drain} (24. Qf1
$142 $17) 24... Rcd8 (24... Qd6 $5 {keeps an even firmer grip} 25. Re1 Rxd2 26.
Qxe5 Qxe5 27. Rxe5 $19) 25. Rb2 f6 (25... h6 $142 $19 {secures the win}) 26. h3
(26. Qb3+ Kh8 27. Qf7 R8d7 $19) 26... Qc8 (26... f5 27. Qb3+ Kh8 28. Qe3 $19)
27. Rc1 (27. Qb3+ Qc4 28. Qa4 e4 $17) 27... Qe6 28. Be3 Rd3 29. Rbc2 $2 (29.
Qf3 $142 $19) 29... f5 30. Qh2 (30. Rc6 Qd5 31. Rc7 $19) 30... Rd1+ (30... Rd1+
31. Rxd1 Rxd1#) 0-1

[Event "HokkaidoCh2019"]
[Site "?"]
[Date "2019.03.23"]
[Round "1.4"]
[White "Manabe, Hiroyuki"]
[Black "Ito, Katsuhide"]
[Result "1-0"]
[WhiteElo "1723"]
[BlackElo "1303"]
[Annotator "Fritz 15 (30s)"]
[PlyCount "55"]
[SourceVersionDate "2019.03.23"]

{[%mdl 8192] B33: Sicilian: Pelikan and Sveshnikov Variations} 1. e4 c5 2. d4
cxd4 3. Nf3 Nc6 4. Nxd4 Nf6 5. Nc3 e5 6. Ndb5 d6 7. Bg5 a6 8. Na3 b5 9. Nd5 Be7
10. Bxf6 Bxf6 11. Nxf6+ Qxf6 12. Qd5 (12. c3 O-O 13. Be2 (13. Nc2 Bb7 14. g3
Ne7 15. Bg2 Rad8 16. Ne3 Qg6 17. Nf5 Qf6 18. Nxe7+ Qxe7 19. O-O Bc6 20. Qb3 Kh8
21. Rad1 Qb7 22. Qa3 Qc7 23. Rd2 f5 24. Rfd1 Rf6 25. exf5 Bxg2 26. Kxg2 Qc6+
27. Kg1 d5 {Stoilov,A (2162)-Yordanov,N (2243) Albena 2010 0-1 (53)}) 13... Bb7
14. O-O Rad8 15. Bf3 Nb8 16. Nc2 Nd7 17. Re1 Nc5 18. Nb4 g6 19. Nd5 Bxd5 20.
Qxd5 Rb8 21. Red1 Rb6 22. Rd2 Rc8 23. Bd1 Qg5 24. Bb3 Rc7 25. Rad1 Rbc6 26. a3
h5 {Larino Nieto,D (2488)-Kotronias,V (2603) Budva 2009 0-1 (36)}) 12... Bb7
13. Rd1 O-O $146 (13... Ke7 14. c3 Rab8 15. Qd2 Rhd8 16. Nc2 Kf8 17. Ne3 Ne7
18. Nd5 Qh4 19. Qe3 Nxd5 20. exd5 Qa4 21. Bd3 Qxa2 22. Bxh7 Qxb2 23. O-O Qa3
24. Be4 Qc5 25. Qg5 Qc4 26. Rfe1 Qc7 27. Re3 Qe7 28. Qh5 {Varga,C (2179)-Nagy,
J (2300) Hungary 1999 1-0 (36)}) 14. Qxd6 Qxd6 (14... Qf4 $142 $5 {is the best
option Black has} 15. Bd3 Nd4 $15) 15. Rxd6 $14 Nb4 16. f3 {Controls e4} Rac8 (
16... Nxa2 17. Rb6 Rab8 18. c4 $14) 17. c3 {White threatens to win material:
c3xb4} (17. c4 $5 $16) 17... Nxa2 $14 18. Be2 b4 19. cxb4 Nxb4 (19... Rc1+ 20.
Rd1 Rxd1+ 21. Kxd1 Rd8+ 22. Kc2 Nxb4+ 23. Kc3 $14) 20. O-O {[%cal Rd6a6,Re2a6,
Gb4a6,Gb7a6] Attacking the isolated pawn on a6} Nc2 21. Bxa6 Rc7 (21... Bxa6 $5
22. Rxa6 h5 $14) 22. Rc1 Rfc8 $4 {the position was bad, and this mistake
simply hastens the end} (22... Bxa6 $142 23. Rxc2 Rxc2 24. Nxc2 Bc4 $16) 23.
Bxb7 (23. Rxc2 {and White can already relax} Rxc2 24. Nxc2 Bxa6 25. Rxa6 h5 $18
) 23... Rxb7 24. Rxc2 Rf8 (24... Ra8 {does not improve anything} 25. Nc4 f6 26.
Rc6 $18) 25. Nc4 f6 26. Ne3 Ra8 27. Rcd2 (27. Nf5 $5 {might be the shorter path
} Ra1+ 28. Kf2 h5 $18) 27... Kf7 (27... Ra1+ {a last effort to resist the
inevitable} 28. Kf2 h5 $18) 28. Rd7+ (28. Rd7+ Rxd7 29. Rxd7+ Kg8 30. Nf5 $18)
1-0

[Event "HokkaidoCh2019"]
[Site "?"]
[Date "2019.03.23"]
[Round "1.5"]
[White "Takeuchi, Hiroshi"]
[Black "Kikuchi, Akira"]
[Result "1/2-1/2"]
[WhiteElo "1276"]
[BlackElo "1718"]
[Annotator "Fritz 15 (30s)"]
[PlyCount "68"]
[SourceVersionDate "2019.03.23"]

{A13: English Opening: 1...e6} 1. d4 Nf6 2. Nf3 e6 3. e3 c5 4. b3 b6 5. Bb2 Bb7
6. Be2 Be7 7. O-O O-O 8. c4 cxd4 9. exd4 (9. Nxd4 d6 10. Bf3 Qc8 11. Bxb7 Qxb7
12. Qf3 Qxf3 13. Nxf3 Nbd7 14. Nc3 a6 15. Rfd1 Rfc8 16. Ba3 Ne8 17. Ne4 Nc5 18.
Nxc5 bxc5 19. Bb2 Rcb8 20. e4 e5 21. Rd3 a5 22. a4 f5 23. exf5 e4 {Filipets,E 
(2240)-Stupak,K (2557) Minsk 2015 0-1 (57)}) 9... d5 10. Nbd2 Nbd7 (10... Nc6
11. Bd3 Nb4 12. Bb1 Rc8 13. Ne5 dxc4 14. bxc4 Nc6 15. Nef3 Qc7 16. Bd3 Nb4 17.
Be2 Rfd8 18. Qb3 Nc6 19. Rac1 Qf4 20. Rfd1 h6 21. h3 Ne4 22. Nxe4 Na5 23. Qb5
Qxe4 24. Bf1 Bf6 25. Bc3 {Milov,V (2635)-Pelletier,Y (2465) Biel 1997 0-1 (51)}
) 11. Ne5 $146 (11. a3 Ne4 12. Rc1 Bd6 13. Rc2 Qe7 14. Qa1 Ndf6 15. Ne5 Nxd2
16. Rxd2 dxc4 17. bxc4 Ne4 18. Rc2 Bxe5 19. dxe5 Rad8 20. Bd4 Nd2 21. Be3 Nxf1
22. Bxf1 Be4 23. Rc3 Qc7 24. Bg5 Rd7 25. Rg3 Qc5 {Irizanin,R (2330)
-Radovanovic,J (2284) Sabac 2014 0-1 (33)}) 11... Nxe5 12. dxe5 Nd7 13. Nf3 Re8
14. Qc2 Qc7 15. Rac1 Rac8 16. h3 (16. Qd3 Qb8 $11) 16... dxc4 (16... b5 17. c5
Qa5 18. Bd3 $15) 17. Qxc4 $11 Qxc4 18. Rxc4 Rxc4 19. bxc4 (19. Bxc4 Nc5 $11)
19... Nc5 {The knight feels good on c5} 20. Rd1 Rd8 21. Rxd8+ Bxd8 {A minor
pieces endgame occured} 22. Nd2 Bg5 {Black threatens to win material: Bg5xd2}
23. Nb1 Kf8 24. Kf1 Ke8 25. Bd4 Be7 26. Nc3 a6 {Consolidates b5} 27. Bd1 Bc6
28. Bc2 g6 {Secures f5} 29. a4 Kd7 30. f3 {Prevents intrusion on e4} h5 31. Ke2
Bf8 32. Kd1 Be7 33. Ke2 Bf8 {Twofold repetition} 34. Kd1 Be7 1/2-1/2

[Event "HokkaidoCh2019"]
[Site "?"]
[Date "2019.03.23"]
[Round "1.6"]
[White "Kanamaru, Tomoji"]
[Black "Takahashi, Ryunosuke"]
[Result "1-0"]
[WhiteElo "1621"]
[BlackElo "1000"]
[Annotator "Fritz 15 (30s)"]
[PlyCount "61"]
[SourceVersionDate "2019.03.23"]

{[%mdl 8192] B33: Sicilian: Pelikan and Sveshnikov Variations} 1. e4 c5 2. Nf3
Nc6 3. d4 cxd4 4. Nxd4 Nf6 5. Nc3 e5 6. Ndb5 d6 7. Bg5 a6 8. Na3 b5 9. Nd5 Be7
10. Bxf6 Bxf6 11. c3 O-O 12. Be2 (12. Bd3 Bg5 13. Bc2 Rb8 14. Qd3 b4 15. Nc4
bxc3 16. bxc3 Ne7 17. Nxe7+ {1/2-1/2 (17) Arnason,J (2550)-Van der Wiel,J 
(2560) Haninge 1989}) 12... Rb8 (12... Ne7 13. Nc2 Nxd5 14. Qxd5 Be6 15. Qd3 d5
16. Rd1 dxe4 17. Qxe4 Qb6 18. Nb4 g6 19. O-O Bg7 20. Nd5 Bxd5 21. Rxd5 Rad8 22.
Rfd1 f5 23. Qb4 Rxd5 24. Rxd5 Qe6 25. Bd1 Kh8 26. Bb3 Qf6 27. Rd1 {Voigt,R 
(2279)-Seiler,A (2228) Neumuenster 2000 1/2-1/2 (37)}) 13. O-O $146 (13. Nc2 a5
14. O-O Be6 15. Nce3 Bg5 16. a3 Ne7 {1/2-1/2 (16) Ortega,L (2460)-Sulava,N 
(2380) Verona 1997}) 13... Bg5 14. Bg4 Ne7 15. Bxc8 Rxc8 16. Nc2 Nxd5 17. Qxd5
Qb6 18. Rad1 Rfd8 19. Qd3 Rc4 20. Nb4 Qa5 21. a3 Qa4 22. Rfe1 a5 23. Nd5 {
Praise the knight!} Qb3 {Black threatens to win material: Qb3xb2} 24. Re2 h5 (
24... g6 25. g3 $14) 25. Rf1 (25. Rde1 Rf8 $16) 25... h4 (25... Rb8 26. Qg3 Bd8
27. Qh3 $16) 26. f4 (26. Qf3 $5 Rc5 27. Qg4 $16) 26... exf4 $11 27. Nxf4 Qa4 $4
(27... Rc5 $142 $11 {and Black can hope to live}) 28. Nd5 $18 Rc6 $4 {shortens
the misery for Black} (28... h3 29. Nb6 Qb3 30. Qd5 $18) 29. Qf3 (29. Rf5 $142
{seems even better} Qc4 30. Qxc4 Rxc4 31. Rxg5 $18) 29... Rd7 $4 {a blunder in
a bad position} (29... Rf8 $142 30. Qf5 Bd8 $18) 30. Qf5 (30. Qg4 $142 {
it becomes clear that White will call all the shots} Qc4 31. Qxg5 Qxe2 32. Nf6+
Kf8 33. Nxd7+ Ke8 34. Qxg7 Qxf1+ 35. Kxf1 Kxd7 36. Qxf7+ Kc8 37. Qf5+ Kd8 38.
Qg5+ Kc7 39. Qe7+ Kc8 40. Qxh4 Rc7 41. Qh8+ Kb7 $18) 30... Rd8 (30... Rcc7 31.
Qxg5 Kf8 32. Rxf7+ Ke8 33. Rf8+ Kxf8 34. Rf2+ Ke8 35. Qh5+ Rf7 36. Qh8+ Kd7 37.
Rxf7+ Ke6 38. Qe8+ Re7 39. Qxe7#) 31. Qxg5 (31. Qxg5 Re8 32. Ref2 Rxc3 33. bxc3
Qd1 34. Rxf7 Qxf1+ 35. Rxf1 Rxe4 36. Qg6 Re2 37. Rf7 Re1+ 38. Kf2 Rf1+ 39. Kxf1
a4 40. Qxg7#) 1-0

[Event "HokkaidoCh2019"]
[Site "?"]
[Date "2019.03.23"]
[Round "2.1"]
[White "Sugimoto, Koichi"]
[Black "Manabe, Hiroaki"]
[Result "1-0"]
[WhiteElo "2013"]
[BlackElo "1723"]
[Annotator "Fritz 15 (30s)"]
[PlyCount "87"]
[SourceVersionDate "2019.03.23"]

{[%mdl 8192] C06: French Tarrasch: 3...Nf6 4 e5 Nfd7 5 Bd3 main lines} 1. e4 e6
2. d4 d5 3. Nd2 Nf6 4. e5 Nfd7 5. Bd3 c5 6. c3 Nc6 7. Ne2 Qb6 8. Nf3 Be7 9. O-O
f6 10. exf6 (10. Nf4 Nd8 11. Re1 f5 12. Bxf5 exf5 13. Nxd5 Qc6 14. Nxe7 Kxe7
15. d5 Qa6 16. d6+ Kf7 17. Qd5+ Ke8 18. e6 Nf6 19. d7+ Ke7 20. Qxc5+ {1-0 (20)
Verduga Zavala,D (2250)-Toth,P (2320) Nice 1974}) 10... Nxf6 11. dxc5 $146 (11.
Ng3 O-O 12. a3 cxd4 13. cxd4 Bd7 14. b4 Bd6 15. b5 Na5 16. Ne5 Rac8 17. Bg5 Be8
18. Qa4 Bxe5 19. dxe5 Nd7 20. Qb4 Nxe5 21. Bxh7+ Kxh7 22. Qxf8 Qxb5 23. Qd6
Nac4 24. Qxe6 Bd7 25. Qe7 Re8 {Nasunov,M (2200)-Grigoryan,A (2256) Elista 2014
1-0 (37)}) 11... Bxc5 12. b4 Be7 (12... Bd6 13. Be3 Qc7 14. Ned4 $14) 13. a4 e5
14. a5 {White threatens to win material: a5xb6} (14. b5 e4 15. Be3 Qc7 $14)
14... Qc7 $11 15. Bb5 O-O 16. h3 {Secures g4} Be6 17. Ng3 (17. a6 Bd6 $11)
17... a6 {Black threatens to win material: a6xb5} 18. Be2 (18. Bxc6 bxc6 19.
Be3 Bd6 $11) 18... Rad8 (18... e4 19. Ng5 Bd7 20. c4 $15) 19. Bd2 (19. Qb3 h6
$11) 19... Bf7 (19... Ne4 $142 $5 $17) 20. Ng5 $11 Bd6 21. Nf5 Qd7 (21... Ne7
22. Nxd6 Qxd6 23. Re1 $11) 22. Nxd6 $14 Qxd6 23. Nxf7 {White forks: d6+d8} Rxf7
{White has the pair of bishops} 24. Qb3 Ne4 {Black threatens to win material:
Ne4xd2} 25. Be1 Rdf8 (25... Ng5 26. Rd1 $11) 26. Bh5 (26. Rd1 $5 {should be
considered} Nf6 27. f3 $14) 26... Rf6 27. Rd1 {White threatens to win material:
Rd1xd5} Ne7 (27... Ng3 28. Rxd5 Qe6 29. Bg4 $11) 28. f3 Ng3 $4 (28... Qc6 $142
{was a good chance to save the game} 29. Bg4 R6f7 $11) 29. Bxg3 $18 g6 30. Bg4
h5 31. Bh4 hxg4 (31... R6f7 32. Bxe7 Qxe7 33. Qxd5 hxg4 34. fxg4 $18) 32. Bxf6
Rxf6 (32... Qxf6 {cannot undo what has already been done} 33. fxg4 Qe6 34.
Rxf8+ Kxf8 35. Rf1+ Kg7 36. Qd1 $18) 33. fxg4 Kg7 (33... Rxf1+ {hardly
improves anything} 34. Rxf1 Nc6 35. c4 $18) 34. Rxf6 Qxf6 35. Rf1 (35. c4 {
keeps an even firmer grip} Nc6 36. cxd5 Nd8 $18) 35... Qg5 (35... Qc6 {doesn't
change anything anymore} 36. Qc2 Qe8 37. Qf2 $18) 36. c4 d4 (36... Nc6 37. cxd5
Nd4 38. Qc4 $18) 37. b5 e4 (37... Ng8 {doesn't get the cat off the tree} 38.
bxa6 bxa6 39. c5 Qe3+ 40. Qxe3 dxe3 41. c6 $18) 38. c5 Qxc5 (38... Nd5 39. c6
bxc6 40. bxa6 Qe3+ 41. Qxe3 dxe3 $18) 39. Qf7+ Kh6 (39... Kh8 {does not
improve anything} 40. Qf8+ Ng8 41. Qxc5 Nh6 42. Rf8+ Ng8 43. Qe7 e3 44. Qf7 e2
45. Rxg8#) 40. Qf8+ Kg5 41. h4+ (41. Qf4+ Kh4 42. g5+ Kh5 43. Qg4#) 41... Kxh4
(41... Kxg4 {cannot change what is in store for ?} 42. Qf4+ Kh5 43. g4+ Kxh4
44. Qh6+ Qh5 45. gxh5 g5 46. Kh2 axb5 47. Qe6 Kxh5 48. Qf7+ Kh4 49. Qh7+ Kg4
50. Qh3#) 42. Qh6+ Kxg4 (42... Qh5 {doesn't do any good} 43. gxh5 g5 44. Qd6 g4
45. Qxe7+ Kg3 46. Qd6+ Kh4 47. Qf6+ Kxh5 48. Rf5#) 43. Rf4+ Kg3 44. Qh4# 1-0